| 000 | 00539cam a2200217 4500 | ||
|---|---|---|---|
| 008 | #DATE n2003 000 0 eng u | ||
| 020 | _a1843112906 | ||
| 022 | _a0141-5857 | ||
| 035 | _a(Sirsi) u129291 | ||
| 041 | _aeng | ||
| 050 | _a690.026 | ||
| 245 | _aBuilding law reports : 2003 | ||
| 260 |
_aLondon _bLLP _c2003 |
||
| 300 |
_aix,525p. _c25cm. |
||
| 350 | _a0 | ||
| 650 | _aBUILDING LAW REPORTS | ||
| 650 | _aCONSTRUCTION INDUSTRY | ||
| 650 | _aLAW REPORTS | ||
| 690 | _aBUILDING AND CONSTRUCTION-CASE LAW | ||
| 942 | _n0 | ||
| 999 |
_c104137 _d104137 |
||